| 000 | 00000nam##2200000za#4500 |
| 001 | 9.651510 |
| 003 | CaOODSP |
| 005 | 20220901140031 |
| 007 | ta |
| 008 | 150407|2009||||xxc||||| f|0| 0 eng|d |
| 020 | |a978-1-100-12021-8 |
| 040 | |aCaOODSP|beng |
| 043 | |an-cn--- |
| 086 | 1 |aJ2-213/2009E |
| 110 | 1 |aCanada.|bJustice Canada. |
| 245 | 10|aWorking with victims of crime : |ba manual applying research to clinical practice / |cby James K. Hill. |
| 250 | |a2nd. ed. |
| 260 | |aOttawa - Ontario : |bJustice Canada |cc2009. |
| 300 | |aiii, 158p. : |breferences, tables ; |c22 cm. |
| 520 | 3 |aA tool for those who deliver front-line services to crime victims. It examines the research and theory for several topics and then discusses how to apply them. Topics include: self-care for the service provider; a model of victimization and recovery; common reactions to crime; how crime victims cope; a model for client change; and assessment issues that a service provider should consider. |
| 563 | |aSpiral binding |
| 590 | |a09-39|b2009-09-25 |
| 690 | 07|aVictims|2gcpds |
| 720 | 1 |aHill, James K. |
| 775 | 08|tGuide de traitement des victimes d'actes criminels : |w(CaOODSP)9.684534 |
| 776 | 0#|tWorking with victims of crime : |w(CaOODSP)9.691957 |